The QS transformation (Record no. 76587)

MARC details
000 -LEADER
fixed length control field 00890cab a2200181 4500
001 - CONTROL NUMBER
control field ##L132720
008 - FIXED-LENGTH DATA ELEMENTS--GENERAL INFORMATION
fixed length control field 060303n2006 000 0 eng u
035 ## - SYSTEM CONTROL NUMBER
System control number (Sirsi) u132720
041 0# - LANGUAGE CODE
Language code of text/sound track or separate title eng
100 1# - MAIN ENTRY--PERSONAL NAME
Personal name Davies, Ross
245 04 - TITLE STATEMENT
Title The QS transformation
260 ## - PUBLICATION, DISTRIBUTION, ETC.
Date of publication, distribution, etc. 2006
490 #0 - SERIES STATEMENT
Series statement RICS Business
Volume/sequential designation March 2006, 28-30(3)
520 ## - SUMMARY, ETC.
Summary, etc. Reports on how the role of the quantity surveyor has changed in the past 30 years, and examines the reasons behind the rise in the profile and importance of the profession during this period. Also examines the major challenges now facing the profession, including the encroachment of other professions and possible recruitment problems. Includes table comparing the range of services offered by QS firms 50 and 25 years ago with today.
590 ## - LOCAL NOTE (RLIN)
Local note IKA140306
690 ## - LOCAL SUBJECT ADDED ENTRY--TOPICAL TERM (OCLC, RLIN)
Topical term or geographic name as entry element BUILT ENVIRONMENT-QUANTITY SURVEYING-QUANTITY SURVEYORS
942 ## - ADDED ENTRY ELEMENTS (KOHA)
Suppress in OPAC 0
Holdings
Withdrawn status Lost status Source of classification or shelving scheme Damaged status Not for loan Home library Current library Shelving location Date acquired Total Checkouts Full call number Barcode Date last seen Copy number Price effective from Koha item type
    Dewey Decimal Classification     London London Journal article 03/03/2006   L132720 132720-1001 06/08/2019 1 06/08/2019 Journal article